Le dernier théorème de Fermat (Record no. 106390)

MARC details
000 -LEADER
campo de control de longitud fija 00847nam a2200229 i 4500
001 - NÚMERO DE CONTROL
campo de control 106390
003 - IDENTIFICADOR DE NÚMERO DE CONTROL
campo de control ES-MaACL
005 - FECHA Y HORA DE LA ÚLTIMA TRANSACCIÓN
campo de control 20230906184130.0
007 - CAMPO FIJO DE DESCRIPCIÓN FÍSICA--INFORMACIÓN GENERAL
campo de control de longitud fija t|
008 - DATOS DE LONGITUD FIJA--INFORMACIÓN GENERAL
campo de control de longitud fija 061107s1998 fr ||||1| fre d
020 ## - NÚMERO INTERNACIONAL ESTÁNDAR DEL LIBRO
Número Internacional Estándar del Libro 2-7096-1854-0
080 ## - NÚMERO DE LA CLASIFICACIÓN DECIMAL UNIVERSAL
Número de la Clasificación Decimal Universal 511.343
100 1# - ENTRADA PRINCIPAL--NOMBRE DE PERSONA
Nombre de persona Singh, Simon.
9 (RLIN) 106636
245 13 - MENCIÓN DEL TÍTULO
Título Le dernier théorème de Fermat
Resto del título : l'histoire de l'énigme qui a défié les plus grands esprits du monde pendant 358 ans /
Mención de responsabilidad, etc. Simon Singh ; traduit de l'anglais par Gerald Messadié ; consultant scientifique Jean-Paul Maneval.
260 ## - PUBLICACIÓN, DISTRIBUCIÓN, ETC.
Lugar de publicación, distribución, etc. [S.l.] :
Nombre del editor, distribuidor, etc. JC Lattès,
Fecha de publicación, distribución, etc. [1998]
300 ## - DESCRIPCIÓN FÍSICA
Extensión 334 p. :
Otras características físicas il. ;
Dimensiones 21 cm.
500 ## - NOTA GENERAL
Nota general Biblioteca Jacinto Martínez Lacalle.
650 14 - PUNTO DE ACCESO ADICIONAL DE MATERIA--TÉRMINO DE MATERIA
Término de materia o nombre geográfico como elemento de entrada Fermat, Teorema de.
9 (RLIN) 12760
700 1# - ENTRADA AGREGADA--NOMBRE PERSONAL
Nombre de persona Messadié, Gerald.
9 (RLIN) 80676
700 1# - ENTRADA AGREGADA--NOMBRE PERSONAL
Nombre de persona Maneval, Jean-Paul.
9 (RLIN) 75993
852 ## - LOCALIZACIÓN
Ubicación ES-MaACL
Número de control de estantería E-11380
Sublocalización o colección R.139113
Holdings
Estatus retirado Estado de pérdida Estado de daño No para préstamo Biblioteca de origen Biblioteca actual Ubicación en estantería Fecha de adquisición Fuente de adquisición Total de préstamos Signatura topográfica completa Código de barras Visto por última vez Precio de reemplazo Tipo de ítem Koha
        Biblioteca del Ateneo de Madrid Biblioteca del Ateneo de Madrid Depósito 2 17/01/2008     E-11380 1111059 23/02/2023 23/02/2023 Libro impreso